Les fonctionnaires (Record no. 37872)

MARC details
000 -LEADER
campo de control de longitud fija 00474nam a2200169 i 4500
001 - NÚMERO DE CONTROL
campo de control 37872
003 - IDENTIFICADOR DE NÚMERO DE CONTROL
campo de control ES-MaACL
005 - FECHA Y HORA DE LA ÚLTIMA TRANSACCIÓN
campo de control 20230906155645.0
007 - CAMPO FIJO DE DESCRIPCIÓN FÍSICA--INFORMACIÓN GENERAL
campo de control de longitud fija t|
008 - DATOS DE LONGITUD FIJA--INFORMACIÓN GENERAL
campo de control de longitud fija 030224s1911 fr ||||1| fre d
100 1# - ENTRADA PRINCIPAL--NOMBRE DE PERSONA
Nombre de persona Cahen, Georges.
9 (RLIN) 33436
245 14 - MENCIÓN DEL TÍTULO
Título Les fonctionnaires
Resto del título : leur action corporative /
Mención de responsabilidad, etc. Georges Cahen.
260 ## - PUBLICACIÓN, DISTRIBUCIÓN, ETC.
Lugar de publicación, distribución, etc. Coulommiers :
Nombre del editor, distribuidor, etc. P. Brodard,
Fecha de publicación, distribución, etc. 1911.
300 ## - DESCRIPCIÓN FÍSICA
Extensión VIII, 394 p. ;
Dimensiones 19 cm.
650 04 - PUNTO DE ACCESO ADICIONAL DE MATERIA--TÉRMINO DE MATERIA
Término de materia o nombre geográfico como elemento de entrada Funcionarios.
9 (RLIN) 13009
852 ## - LOCALIZACIÓN
Ubicación ES-MaACL
Número de control de estantería F-5838
Holdings
Estatus retirado Estado de pérdida Estado de daño No para préstamo Biblioteca de origen Biblioteca actual Ubicación en estantería Fecha de adquisición Fuente de adquisición Total de préstamos Signatura topográfica completa Código de barras Visto por última vez Precio de reemplazo Tipo de ítem Koha
        Biblioteca del Ateneo de Madrid Biblioteca del Ateneo de Madrid Depósito 2 17/01/2008     F-5838 1039875 23/02/2023 23/02/2023 Libro impreso